000 00688nam a2200193 i 4500
001 31141
003 ES-MaACL
005 20230906154324.0
007 t|
008 030128s1954 ag ||||1| spa d
100 1 _aBeacham, A.
_926771
245 1 0 _aEconomía industrial /
_cA. Beachman ; [traducción directa de la segunda edición inglesa por Elina von Semasco de Puertas ; revisión y prólogo por Francisco Cholvis.
250 _a1ª ed argentina.
260 _aBuenos Aires :
_bPrometeo,
_c1954 (
_fU. Chiesino)
300 _a236 p. ;
_c23 cm.
700 1 _aSemasco de Puertas, Elina von.
_9105371
700 1 _aCholvis, Francisco.
_938601
852 _aES-MaACL
_jC-11496
_bR.39653
999 _c31141
_d31141